Discourse grammar of the Greek New Testament : (Record no. 118366)
[ view plain ]
| 000 -LEADER | |
|---|---|
| fixed length control field | 02490cam a2200373 a 4500 |
| 001 - CONTROL NUMBER | |
| control field | 16484482 |
| 003 - CONTROL NUMBER IDENTIFIER | |
| control field | ARRUPE |
| 005 - DATE AND TIME OF LATEST TRANSACTION | |
| control field | 20131022135925.0 |
| 008 - FIXED-LENGTH DATA ELEMENTS--GENERAL INFORMATION | |
| fixed length control field | 100930s2010 maua b 000 0 eng |
| 010 ## - LIBRARY OF CONGRESS CONTROL NUMBER | |
| LC control number | 2010041842 |
| 020 ## - INTERNATIONAL STANDARD BOOK NUMBER | |
| International Standard Book Number | 9781598565836 (alk. paper) |
| 020 ## - INTERNATIONAL STANDARD BOOK NUMBER | |
| International Standard Book Number | 1598565834 (alk. paper) |
| 035 ## - SYSTEM CONTROL NUMBER | |
| System control number | (OCoLC)ocn667874424 |
| 040 ## - CATALOGING SOURCE | |
| Original cataloging agency | DLC |
| Transcribing agency | DLC |
| Modifying agency | YDX |
| -- | YDXCP |
| -- | TJC |
| -- | DTM |
| -- | DLC |
| 041 0# - LANGUAGE CODE | |
| Language code of text/sound track or separate title | eng |
| -- | grc |
| 050 00 - LIBRARY OF CONGRESS CALL NUMBER | |
| Classification number | PA817 |
| Item number | .R86 2010 |
| 082 00 - DEWEY DECIMAL CLASSIFICATION NUMBER | |
| Classification number | 487/.4 |
| Edition number | 22 |
| 300 ## - PHYSICAL DESCRIPTION | |
| Other physical details | ill. ; |
| Dimensions | 24 cm. |
| 100 1# - MAIN ENTRY--PERSONAL NAME | |
| Personal name | Runge, Steven E., |
| Dates associated with a name | 1967- |
| 9 (RLIN) | 2604 |
| 245 10 - TITLE STATEMENT | |
| Title | Discourse grammar of the Greek New Testament : |
| Remainder of title | a practical introduction for teaching and exegesis / |
| Statement of responsibility, etc | Steven E. Runge. |
| 260 ## - PUBLICATION, DISTRIBUTION, ETC. (IMPRINT) | |
| Place of publication, distribution, etc | Peabody, Mass. : |
| Name of publisher, distributor, etc | Hendrickson Publishers Marketing, |
| Date of publication, distribution, etc | c2010. |
| 300 ## - PHYSICAL DESCRIPTION | |
| Extent | xx, 404 p. : |
| 490 1# - SERIES STATEMENT | |
| Series statement | Lexham Bible reference series |
| 504 ## - BIBLIOGRAPHY, ETC. NOTE | |
| Bibliography, etc | Includes bibliographical references (p. 393-404). |
| 520 ## - SUMMARY, ETC. | |
| Summary, etc | This work fills a significant need for a well-researched yet readable guide to discourse analysis. Using cross-linguistic principles and providing copious examples from both narratives and episles, Runge takes the reader from linguistic theory to practical exegetical application. Introducing a function-based approach to linguistics, Runge explores New Testament Greek grammatical conventions by focusing on the communication tasks they accomplish. His study of the ways in which words are used in texts and contexts has less to do with the specifics of speech and more to do with how humans are wired to process it. Therefore, Runge looks at how all languages operate before focusing on Greek. This examination of linguistics in general simplifies the analytical process, and explains how and why we communicate as we do. Readers will learn that discourse analysis necessarily complements today's formal approaches to linguistics, as they are simultaneously led to a more accurate description of the biblical text. |
| 546 ## - LANGUAGE NOTE | |
| Language note | Text in English and Greek. |
| 630 00 - SUBJECT ADDED ENTRY--UNIFORM TITLE | |
| Uniform title | Bible. |
| Name of part/section of a work | New Testament |
| General subdivision | Language, style. |
| 9 (RLIN) | 2605 |
| 650 #0 - SUBJECT ADDED ENTRY--TOPICAL TERM | |
| Topical term or geographic name as entry element | Greek language, Biblical |
| General subdivision | Study and teaching. |
| 9 (RLIN) | 2606 |
| 650 #0 - SUBJECT ADDED ENTRY--TOPICAL TERM | |
| Topical term or geographic name as entry element | Greek language, Biblical |
| General subdivision | Grammar. |
| 9 (RLIN) | 2607 |
| 650 #0 - SUBJECT ADDED ENTRY--TOPICAL TERM | |
| Topical term or geographic name as entry element | Greek language, Biblical |
| General subdivision | Discourse analysis. |
| 9 (RLIN) | 2608 |
| 830 #0 - SERIES ADDED ENTRY--UNIFORM TITLE | |
| Uniform title | Lexham Bible reference series. |
| 9 (RLIN) | 2609 |
| 906 ## - LOCAL DATA ELEMENT F, LDF (RLIN) | |
| a | 7 |
| b | cbc |
| c | orignew |
| d | 1 |
| e | ecip |
| f | 20 |
| g | y-gencatlg |
| 942 ## - ADDED ENTRY ELEMENTS (KOHA) | |
| Source of classification or shelving scheme | Library of Congress Classification |
| Koha item type | Monograph ( Printed materials) |
| Withdrawn status | Lost status | Source of classification or shelving scheme | Damaged status | Not for loan | Home library | Current library | Date acquired | Total Checkouts | Full call number | Barcode | Date last seen | Date checked out | Price effective from | Koha item type |
|---|---|---|---|---|---|---|---|---|---|---|---|---|---|---|
| Library of Congress Classification | ARRUPE LIBRARY | ARRUPE LIBRARY | 22/10/2013 | 1 | PA817 .R68 2010 | 46411294 | 27/03/2019 | 22/11/2018 | 22/10/2013 | Monograph ( Printed materials) |